[Event "1st Cyprus Chess Tournament 2019"]
[Site "Larnaca"]
[Date "2019.11.02"]
[Round "9.1"]
[White "Kotronias, Vasilios"]
[Black "Kazakouski, Valery"]
[Result "1-0"]
[WhiteElo "2486"]
[BlackElo "2474"]
[Annotator "ChessBase"]
[PlyCount "77"]
[EventDate "2019.10.25"]
[EventType "swiss"]
[EventCountry "CYP"]
[SourceTitle "playchess.com"]
[Source "ChessBase"]
[SourceQuality "1"]
[TimeControl "5400+30"]

1. e4 {[%emt 0:01:25]} e5 {[%emt 0:00:00]} 2. Nf3 {[%emt 0:00:12]} Nc6 {[%emt 0:00:00]} 3. Bb5 {[%emt 0:00:09]} a6 {[%emt 0:00:05]} 4. Ba4 {[%emt 0:00:05]} Nf6 {[%emt 0:00:08]} 5. O-O {[%emt 0:00:07]} Be7 {[%emt 0:00:06]} 6. Re1 {[%emt 0:00:04]} b5 {[%emt 0:00:11]} 7. Bb3 {[%emt 0:00:05]} O-O {[%emt 0:00:08]} 8. c3 {[%emt 0:00:09]} d6 {[%emt 0:00:06]} 9. h3 {[%emt 0:00:07]} Nb8 {[%emt 0:00:16]} 10. d4 {[%emt 0:00:11]} Nbd7 {[%emt 0:00:06]} 11. Nbd2 {[%emt 0:00:21]} Bb7 {[%emt 0:00:14]} 12. Bc2 {[%emt 0:00:07]} Re8 {[%emt 0:00:13]} 13. Nf1 {[%emt 0:00:06]} Bf8 {[%emt 0:00:07]} 14. Ng3 {[%emt 0:00:05]} g6 {[%emt 0:00:08]} 15. a4 {[%emt 0:01:31]} c5 {[%emt 0:00:07]} 16. d5 {[%emt 0:00:11]} c4 {[%emt 0:00:06]} 17. Bg5 {[%emt 0:00:24]} Nc5 {[%emt 0:00:07]} 18. Qd2 {[%emt 0:00:09]} Be7 {[%emt 0:01:11]} 19. Bh6 {[%emt 0:00:06]} Nfd7 {[%emt 0:00:40]} 20. Nh2 {[%emt 0:00:07]} Nxa4 {[%emt 0:01:27]} 21. Bxa4 {[%emt 0:00:08]} bxa4 {[%emt 0:00:06]} 22. Rxa4 {[%emt 0:00:13]} a5 {[%emt 0:00:41]} 23. Ng4 {[%emt 0:00:12]} Ba6 {[%emt 0:00:48]} 24. f4 {[%emt 0:00:05]} Bh4 {[%emt 0:04:37]} 25. Bg5 {[%emt 0:02:53]} Bxg5 {[%emt 0:27:01]} 26. fxg5 {[%emt 0:00:03]} h5 {[%emt 0:02:38]} 27. Nh6+ {[%emt 0:12:11]} Kh7 {[%emt 0:15:33]} 28. Rf1 {[%emt 0:02:38]} Rf8 {[%emt 0:03:10]} 29. Nxh5 {[%emt 0:04:19]} gxh5 {[%emt 0:11:14]} 30. Rf3 {[%emt 0:05:39]} Kg6 {[%emt 0:15:21]} 31. Nf5 {[%emt 0:02:46]} Qb6+ {[%emt 0:03:12]} 32. Kh2 {[%emt 0:00:07]} Rh8 {[%emt 0:01:32]} 33. Ra1 {[%emt 0:01:46]} h4 {[%emt 0:04:44]} 34. Raf1 {[%emt 0:00:12]} Raf8 {[%emt 0:02:37]} 35. Ne7+ {[%emt 0:01:08]} Kg7 {[%emt 0:00:37]} 36. Rf6 {[%emt 0:00:18]} Qd8 {[%emt 0:03:05]} 37. Nf5+ {[%emt 0:00:52]} Kg8 {[%emt 0:00:35]} 38. Rxd6 {[%emt 0:02:12]} Bc8 {[%emt 0:01:08]} 39. g6 {[%emt 0:00:12]} 1-0

[Event "1st Cyprus Chess Tournament 2019"]
[Site "Larnaca"]
[Date "2019.11.02"]
[Round "9.2"]
[White "Tilicheev, Viacheslav"]
[Black "Arkell, Keith C"]
[Result "1/2-1/2"]
[WhiteElo "2478"]
[BlackElo "2447"]
[Annotator "ChessBase"]
[PlyCount "23"]
[EventDate "2019.10.25"]
[EventType "swiss"]
[EventCountry "CYP"]
[SourceTitle "playchess.com"]
[Source "ChessBase"]
[SourceQuality "1"]
[TimeControl "5400+30"]

1. d4 {[%emt 0:00:00]} d5 {[%emt 0:00:00]} 2. c4 {[%emt 0:00:00]} c6 {[%emt 0:00:00]} 3. cxd5 {[%emt 0:00:00]} cxd5 {[%emt 0:00:00]} 4. Nf3 {[%emt 0:00:00]} Nf6 {[%emt 0:00:00]} 5. Nc3 {[%emt 0:00:00]} Nc6 {[%emt 0:00:00]} 6. Bf4 {[%emt 0:00:03]} Bf5 {[%emt 0:00:00]} 7. e3 {[%emt 0:00:03]} e6 {[%emt 0:00:00]} 8. Bd3 {[%emt 0:00:04]} Bxd3 {[%emt 0:00:00]} 9. Qxd3 {[%emt 0:00:03]} Bd6 {[%emt 0:00:04]} 10. Bxd6 {[%emt 0:00:05]} Qxd6 {[%emt 0:00:03]} 11. O-O {[%emt 0:00:05]} O-O {[%emt 0:00:02]} 12. Rfc1 {[%emt 0:00:17]} 1/2-1/2

[Event "1st Cyprus Chess Tournament 2019"]
[Site "Larnaca"]
[Date "2019.11.02"]
[Round "9.3"]
[White "Sumets, Andrey"]
[Black "Biljanic, Ljubomir"]
[Result "1-0"]
[WhiteElo "2570"]
[BlackElo "2241"]
[Annotator "ChessBase"]
[PlyCount "99"]
[EventDate "2019.10.25"]
[EventType "swiss"]
[EventCountry "CYP"]
[SourceTitle "playchess.com"]
[Source "ChessBase"]
[SourceQuality "1"]
[TimeControl "5400+30"]

1. d4 {[%emt 0:00:00]} Nf6 {[%emt 0:00:00]} 2. Nf3 {[%emt 0:00:00]} e6 {[%emt 0:00:00]} 3. c4 {[%emt 0:00:00]} d5 {[%emt 0:00:29]} 4. g3 {[%emt 0:01:03]} Be7 {[%emt 0:00:09]} 5. Bg2 {[%emt 0:00:06]} O-O {[%emt 0:00:11]} 6. O-O {[%emt 0:02:18]} dxc4 {[%emt 0:03:47]} 7. Qc2 {[%emt 0:00:06]} Nc6 {[%emt 0:01:09]} 8. Qxc4 {[%emt 0:00:39]} Qd5 {[%emt 0:01:11]} 9. Nbd2 {[%emt 0:00:59]} Rd8 {[%emt 0:02:51]} 10. e3 {[%emt 0:00:20]} Qh5 {[%emt 0:10:12]} 11. h3 {[%emt 0:04:45]} Bd7 {[%emt 0:06:27]} 12. a3 {[%emt 0:01:13]} a5 {[%emt 0:09:48]} 13. b3 {[%emt 0:00:13]} Rac8 {[%emt 0:02:33]} 14. Bb2 {[%emt 0:00:37]} Nd5 {[%emt 0:04:12]} 15. Rfc1 {[%emt 0:08:10]} Qh6 {[%emt 0:00:21]} 16. Ne4 {[%emt 0:01:33]} b6 {[%emt 0:03:19]} 17. Qe2 {[%emt 0:01:21]} f6 {[%emt 0:02:53]} 18. Ned2 {[%emt 0:03:01]} f5 {[%emt 0:07:56]} 19. Rc2 {[%emt 0:02:37]} Bf6 {[%emt 0:01:56]} 20. Rac1 {[%emt 0:00:58]} Nce7 {[%emt 0:01:18]} 21. Nc4 {[%emt 0:09:34]} Nc6 {[%emt 0:04:23]} 22. e4 {[%emt 0:07:32]} fxe4 {[%emt 0:00:13]} 23. Qxe4 {[%emt 0:00:04]} Qg6 {[%emt 0:03:00]} 24. Qxg6 {[%emt 0:03:53]} hxg6 {[%emt 0:00:02]} 25. h4 {[%emt 0:02:44]} Be8 {[%emt 0:07:04]} 26. Bh3 {[%emt 0:04:47]} Kf7 {[%emt 0:01:44]} 27. Ncd2 {[%emt 0:01:17]} Nce7 {[%emt 0:00:34]} 28. Ne4 {[%emt 0:03:12]} Nf5 {[%emt 0:00:14]} 29. Re1 {[%emt 0:00:10]} Ke7 {[%emt 0:03:46]} 30. Rce2 {[%emt 0:02:07]} Bf7 {[%emt 0:02:47]} 31. Neg5 {[%emt 0:01:52]} Bxg5 {[%emt 0:01:58]} 32. Nxg5 {[%emt 0:00:07]} Rd6 {[%emt 0:00:21]} 33. h5 {[%emt 0:00:32]} Bg8 {[%emt 0:07:12]} 34. hxg6 {[%emt 0:01:07]} Rf8 {[%emt 0:00:38]} 35. Re5 {[%emt 0:02:03]} Kd7 {[%emt 0:01:01]} 36. Nh7 {[%emt 0:01:38]} Bxh7 {[%emt 0:01:21]} 37. gxh7 {[%emt 0:00:04]} g6 {[%emt 0:00:38]} 38. Bxf5 {[%emt 0:06:29]} gxf5 {[%emt 0:00:04]} 39. Kg2 {[%emt 0:00:09]} Rh8 {[%emt 0:01:18]} 40. Rh1 {[%emt 0:00:04]} Ke7 {[%emt 0:04:48]} 41. Rh6 {[%emt 0:01:51]} b5 {[%emt 0:00:34]} 42. Bc1 {[%emt 0:01:46]} Kf7 {[%emt 0:00:01]} 43. Bg5 {[%emt 0:00:33]} c6 {[%emt 0:02:17]} 44. Kf3 {[%emt 0:02:42]} Nb6 {[%emt 0:01:51]} 45. Rf6+ {[%emt 0:00:56]} Kg7 {[%emt 0:00:17]} 46. Rfxe6 {[%emt 0:00:10]} Rxe6 {[%emt 0:00:05]} 47. Rxe6 {[%emt 0:00:04]} Kxh7 {[%emt 0:00:38]} 48. Rxc6 {[%emt 0:00:10]} Rb8 {[%emt 0:00:16]} 49. Bf4 {[%emt 0:01:02]} Rb7 {[%emt 0:00:01]} 50. Rc5 {[%emt 0:00:55]} 1-0

[Event "1st Cyprus Chess Tournament 2019"]
[Site "Larnaca"]
[Date "2019.11.02"]
[Round "9.4"]
[White "Terentiev, Sergei"]
[Black "Gleizerov, Evgeny"]
[Result "1/2-1/2"]
[WhiteElo "2285"]
[BlackElo "2512"]
[Annotator "TA"]
[PlyCount "166"]
[EventDate "2019.10.25"]
[EventType "swiss"]
[EventCountry "CYP"]
[SourceTitle "playchess.com"]
[Source "ChessBase"]
[SourceQuality "1"]

{[%evp 14,166,0,0,23,35,59,43,34,46,68,88,99,31,46,16,72,72,74,74,75,83,187,76,85,83,219,218,330,312,315,303,309,300,500,137,130,122,181,186,264,290,286,277,304,306,300,313,414,411,401,408,385,283,444,154,154,154,154,154,154,154,154,154,194,202,193,191,187,178,177,148,148,148,147,135,146,125,134,135,139,136,212,218,211,218,326,314,303,321,334,229,244,244,240,239,239,233,245,248,232,247,243,220,231,193,177,43,81,81,81,80,90,12,70,8,8,8,8,8,9,0,3,3,4,4,8,8,8,4,4,4,8,0,0,0,0,0,0,0,8,5,7,4,8,8,8,0,0,0,0,0,0,0,0]} 1. c4 e5 2. g3 Nc6 3. Bg2 g6 4. Nc3 Bg7 5. Nf3 Nf6 6. e4 O-O 7. d3 d6 8. O-O Ne8 {A26: English Opening vs King's Indian with ...Nc6 and d3} (8... h6 9. Be3 Kh7 10. h3 Nd7 11. Rc1 Nd4 12. Bxd4 exd4 13. Ne2 c5 14. h4 b5 15. cxb5 Rb8 16. a4 a6 {½-½ (61) Hammer,J (2677)-Vachier Lagrave,M (2723) Stavanger 2015}) 9. Bg5 f6 10. Be3 f5 {White is slightly better.} 11. exf5 $146 ({Predecessor:} 11. Qd2 Nf6 12. h3 Be6 13. b3 Qc8 14. Kh2 Nd8 15. Rac1 Nf7 16. Nh4 {1-0 (32) Lapidus,M (1921)-Spornberger,M (2111) Fermo 2009}) 11... gxf5 12. Qd2 Nf6 13. Bh6 (13. Rae1 $16) 13... Qe7 $14 14. Nd5 Qf7 (14... Nxd5 $11 15. Bxg7 (15. cxd5 Bxh6 16. Qxh6 Nb4 $11 {[%mdl 64] Double Attack}) 15... Qxg7 16. cxd5 Ne7) 15. Qg5 $16 Nxd5 16. cxd5 ({Don't blunder} 16. Nxe5 $2 Nxe5 17. Bxd5 Kh8 $19) 16... Ne7 17. Rac1 c5 (17... c6 $16) 18. dxc6 (18. b4 $1 $18) 18... bxc6 19. Nd2 $36 {[%mdl 2048] Threatens to win with Rxc6. White has strong initiative.} d5 {[#]} (19... Be6 $16) 20. Rxc6 $1 $18 {[%mdl 512]} Ng6 (20... Kh8 $142) (20... Nxc6 21. Bxd5) 21. Bxg7 Kxg7 22. Nf3 h6 23. Qc1 Bd7 $2 (23... Be6 {is a better defense.} 24. Re1 e4) 24. Rc5 $2 (24. Nxe5 $18 Nxe5 25. Qxh6+ Kg8 26. Rd6) 24... Rac8 $16 25. b4 Rxc5 (25... Qf6 $16) 26. Qxc5 $18 (26. bxc5 $6 Qf6 $16) 26... Be6 {[#]} (26... a6 $142 27. h4 Rc8) 27. Re1 $1 e4 28. Nd4 Bc8 {and the idea ...Ne5 leaves Black hopeful.} 29. f4 a6 30. a4 ({But not} 30. dxe4 $6 dxe4 31. Bf1 Qf6 $18) 30... Bd7 31. b5 axb5 32. axb5 Rc8 33. Nc6 exd3 (33... Bxc6 {keeps fighting.} 34. bxc6 Ne7) 34. Qd4+ $2 (34. Bxd5 $18 {is the precise move to win.} Qf6 35. Qa7) 34... Qf6 $16 35. Qxd5 Bxc6 36. bxc6 Rd8 37. Qc5 d2 38. Rd1 {c7 is the strong threat.} Qe7 39. Qc3+ Qf6 40. Qxf6+ Kxf6 $18 {[%mdl 4096] Endgame KRB-KRN} 41. Kf2 Ne7 42. Ke2 Rd6 43. c7 {aiming for Bb7.} Rd7 44. Rxd2 Rxc7 45. h3 Rc3 46. Bf3 Ra3 47. Kf2 Ng6 (47... Ra5 $16 48. Rd6+ Kg7) 48. Rd6+ Kg7 {[#]} 49. Rd7+ $1 Kh8 (49... Kf8 {was worth a try.} 50. Rh7 Ra2+ 51. Be2 Kg8 52. Rxh6 Kg7) 50. Rf7 Ra2+ 51. Be2 Ra5 52. Bh5 Ra2+ 53. Ke1 Ra1+ 54. Kd2 Ra2+ 55. Kc1 Ra6 56. Rxf5 Kg7 57. Rc5 Ne7 58. Kb2 Re6 59. Bf3 Re1 60. g4 ({White should try} 60. Rc3 $18) 60... Rf1 61. Rc3 Ng6 62. f5 Ne5 63. Bd5 (63. Be4 $16) 63... Kf6 (63... h5 $11) 64. Re3 (64. Bb3 $14) 64... h5 $11 {The position is equal.} 65. gxh5 Rxf5 66. Kc3 Rxh5 67. Kd4 Rh4+ 68. Kc5 Ng6 69. Bc6 Ne5 70. Bb5 Rh5 {White must now prevent ...Ng4+.} 71. Kb6 Kf5 72. Be2 Rh4 73. Rc3 Rh6+ 74. Kb7 Rh7+ 75. Kb6 Rh6+ 76. Kb5 Rh8 77. Bf1 Rb8+ 78. Ka6 Rb1 79. Bg2 Rg1 80. Rg3 {Hoping for Be4+!} Kf6 81. h4 Ng6 82. Rg4 Nxh4 83. Rxh4 Rxg2 {Accuracy: White = 52%, Black = 56%.} 1/2-1/2

[Event "1st Cyprus Chess Tournament 2019"]
[Site "Larnaca"]
[Date "2019.11.02"]
[Round "9.5"]
[White "Ulybin, Mikhail"]
[Black "Constantinou, Pavlos"]
[Result "1-0"]
[WhiteElo "2455"]
[BlackElo "2093"]
[Annotator "ChessBase"]
[PlyCount "83"]
[EventDate "2019.10.25"]
[EventType "swiss"]
[EventCountry "CYP"]
[SourceTitle "playchess.com"]
[Source "ChessBase"]
[SourceQuality "1"]
[TimeControl "5400+30"]

1. e4 {[%emt 0:02:28]} c5 {[%emt 0:00:00]} 2. Nf3 {[%emt 0:00:35]} g6 {[%emt 0:00:00]} 3. Bc4 {[%emt 0:03:17]} Bg7 {[%emt 0:00:31]} 4. c3 {[%emt 0:01:21]} e6 {[%emt 0:01:29]} 5. d4 {[%emt 0:07:12]} cxd4 {[%emt 0:00:33]} 6. cxd4 {[%emt 0:00:33]} d5 {[%emt 0:00:41]} 7. exd5 {[%emt 0:13:30]} exd5 {[%emt 0:00:04]} 8. Bb5+ {[%emt 0:01:08]} Nc6 {[%emt 0:01:11]} 9. Bxc6+ {[%emt 0:20:11]} bxc6 {[%emt 0:00:02]} 10. O-O {[%emt 0:00:34]} Ne7 {[%emt 0:00:52]} 11. h3 {[%emt 0:17:01]} O-O {[%emt 0:00:26]} 12. Nc3 {[%emt 0:03:02]} Qd6 {[%emt 0:05:15]} 13. Re1 {[%emt 0:02:22]} Be6 {[%emt 0:04:36]} 14. Na4 {[%emt 0:04:32]} Rfe8 {[%emt 0:03:26]} 15. Bg5 {[%emt 0:05:33]} h6 {[%emt 0:05:07]} 16. Bxe7 {[%emt 0:01:22]} Rxe7 {[%emt 0:00:21]} 17. Qd2 {[%emt 0:08:30]} Rae8 {[%emt 0:01:59]} 18. Nc5 {[%emt 0:04:11]} Bf5 {[%emt 0:08:32]} 19. Rxe7 {[%emt 0:00:26]} Rxe7 {[%emt 0:00:05]} 20. Re1 {[%emt 0:00:57]} Be4 {[%emt 0:00:22]} 21. Nh2 {[%emt 0:00:44]} Qf6 {[%emt 0:00:06]} 22. Nb3 {[%emt 0:00:55]} h5 {[%emt 0:02:14]} 23. Nf1 {[%emt 0:00:32]} Kh7 {[%emt 0:03:42]} 24. Ng3 {[%emt 0:00:25]} Bh6 {[%emt 0:01:05]} 25. Qc3 {[%emt 0:00:29]} Bf4 {[%emt 0:05:55]} 26. Nxe4 {[%emt 0:00:27]} dxe4 {[%emt 0:00:04]} 27. Nc5 {[%emt 0:00:33]} Qf5 {[%emt 0:08:39]} 28. Qc2 {[%emt 0:00:28]} Qd5 {[%emt 0:05:01]} 29. Rxe4 {[%emt 0:00:29]} Bd6 {[%emt 0:04:28]} 30. Rxe7 {[%emt 0:00:32]} Bxe7 {[%emt 0:00:03]} 31. Qe4 {[%emt 0:00:30]} Qg5 {[%emt 0:04:45]} 32. Nb3 {[%emt 0:00:37]} c5 {[%emt 0:08:04]} 33. h4 {[%emt 0:00:26]} Qf6 {[%emt 0:09:45]} 34. dxc5 {[%emt 0:00:21]} Bd8 {[%emt 0:00:40]} 35. Nd4 {[%emt 0:00:33]} Bc7 {[%emt 0:00:25]} 36. b4 {[%emt 0:00:28]} Qa6 {[%emt 0:03:13]} 37. Qe7 {[%emt 0:00:32]} Qxa2 {[%emt 0:00:18]} 38. Qxc7 {[%emt 0:00:14]} Qa1+ {[%emt 0:00:06]} 39. Kh2 {[%emt 0:00:11]} Qxd4 {[%emt 0:00:11]} 40. Qxf7+ {[%emt 0:00:13]} Kh6 {[%emt 0:00:07]} 41. g3 {[%emt 0:01:17]} Qxb4 {[%emt 0:00:33]} 42. Qf4+ {[%emt 0:00:33]} 1-0

[Event "1st Cyprus Chess Tournament 2019"]
[Site "Larnaca"]
[Date "2019.11.02"]
[Round "9.6"]
[White "Tsyn, Igor"]
[Black "Lornye, Pylyp"]
[Result "0-1"]
[WhiteElo "2129"]
[BlackElo "2284"]
[Annotator "NA RC"]
[PlyCount "96"]
[EventDate "2019.10.25"]
[EventType "swiss"]
[EventCountry "CYP"]
[SourceTitle "playchess.com"]
[Source "ChessBase"]
[SourceQuality "1"]
[TimeControl "5400+30"]

1. Nf3 {[%emt 0:00:00]} Nf6 {[%emt 0:00:00]} 2. d4 {[%emt 0:00:17]} g6 {[%emt 0:00:00]} 3. g3 {[%emt 0:00:09]} Bg7 {[%emt 0:00:22]} 4. Bg2 {[%emt 0:00:10]} O-O {[%emt 0:00:50]} 5. O-O {[%emt 0:00:51]} d6 {[%emt 0:02:33]} 6. Nbd2 {[%emt 0:05:14]} Nbd7 {[%emt 0:03:08]} 7. c3 {[%emt 0:03:03]} e5 {[%emt 0:02:42]} 8. dxe5 {[%emt 0:02:24]} dxe5 {[%emt 0:02:46]} 9. Nc4 {[%emt 0:02:50]} Qe7 {[%emt 0:04:56]} 10. b3 {[%emt 0:02:22]} e4 {[%emt 0:11:03]} 11. Ba3 {[%emt 0:21:34]} Nc5 {[%emt 0:06:08]} 12. Nfd2 {[%emt 0:10:51]} Re8 {[%emt 0:10:17]} 13. Qc2 {[%emt 0:22:35]} Bg4 {[%emt 0:09:08]} 14. Rfe1 {[%emt 0:04:41]} Rad8 {[%emt 0:04:22]} 15. Ne3 {[%emt 0:11:15]} Bc8 {[%emt 0:03:49]} 16. Rad1 {[%emt 0:00:00]} b6 {[%emt 0:01:03]} 17. Ndc4 {[%emt 0:00:54]} h5 {[%emt 0:02:02]} 18. Rd4 {[%emt 0:01:36]} Qe6 {[%emt 0:17:23]} 19. Red1 {[%emt 0:06:21]} Rd7 {[%emt 0:00:37]} 20. Bxc5 {[%emt 0:00:19]} bxc5 {[%emt 0:00:12]} 21. Rxd7 {[%emt 0:00:16]} Bxd7 {[%emt 0:00:12]} 22. Qc1 {[%emt 0:01:46]} Qa6 {[%emt 0:03:18]} 23. Rd2 {[%emt 0:00:24]} Bc6 {[%emt 0:01:02]} 24. Qd1 {[%emt 0:00:40]} Kh7 {[%emt 0:04:59]} 25. a4 {[%emt 0:01:10]} Qc8 {[%emt 0:02:17]} 26. Qc2 {[%emt 0:00:20]} Bh6 {[%emt 0:00:34]} 27. Rd1 {[%emt 0:00:08]} Ng4 {[%emt 0:00:40]} 28. Nd5 {[%emt 0:00:59]} Qf5 {[%emt 0:00:40]} 29. f3 {[%emt 0:00:46]} Bxd5 {[%emt 0:00:58]} 30. fxg4 {[%emt 0:00:01]} hxg4 {[%emt 0:00:11]} 31. Nd2 {[%emt 0:00:36]} Qe6 {[%emt 0:01:15]} 32. c4 {[%emt 0:00:39]} Bc6 {[%emt 0:00:08]} 33. Nf1 {[%emt 0:00:22]} e3 {[%emt 0:00:51]} 34. Bxc6 {[%emt 0:00:15]} Qxc6 {[%emt 0:00:04]} 35. Rd5 {[%emt 0:00:08]} Qf6 {[%emt 0:00:32]} 36. Qd1 {[%emt 0:00:16]} Qf2+ {[%emt 0:00:15]} 37. Kh1 {[%emt 0:00:01]} Re6 {[%emt 0:00:09]} 38. Rxc5 {[%emt 0:01:58]} Rf6 {[%emt 0:00:15]} 39. Rxc7 {[%emt 0:00:05]} Qxf1+ {[%emt 0:00:29]} 40. Qxf1 {[%emt 0:00:01]} Rxf1+ {[%emt 0:00:08]} 41. Kg2 {[%emt 0:00:00]} Rf2+ {[%emt 0:00:07]} 42. Kg1 {[%emt 0:00:00]} Rxe2 {[%emt 0:00:27]} 43. Rxf7+ {[%emt 0:00:20]} Kg8 {[%emt 0:00:31]} 44. Rxa7 {[%emt 0:00:03]} Rb2 {[%emt 0:00:23]} 45. Kf1 {[%emt 0:01:06]} e2+ {[%emt 0:01:05]} 46. Ke1 {[%emt 0:00:07]} Bg7 {[%emt 0:00:03]} 47. Ra8+ {[%emt 0:02:33]} Kh7 {[%emt 0:00:06]} 48. Ra7 {[%emt 0:00:03]} Kh6 {[%emt 0:00:06]} 0-1

[Event "1st Cyprus Chess Tournament 2019"]
[Site "Larnaca"]
[Date "2019.11.02"]
[Round "9.7"]
[White "Velickovski-Nejkovic, Maja"]
[Black "Kochergin, Sergey"]
[Result "1/2-1/2"]
[WhiteElo "2128"]
[BlackElo "2224"]
[Annotator "NA"]
[PlyCount "59"]
[EventDate "2019.10.25"]
[EventType "swiss"]
[EventCountry "CYP"]
[SourceTitle "playchess.com"]
[Source "ChessBase"]
[SourceQuality "1"]
[TimeControl "5400+30"]

1. c4 {[%emt 0:00:00]} c6 {[%emt 0:00:00]} 2. e4 {[%emt 0:00:04]} d5 {[%emt 0:00:00]} 3. exd5 {[%emt 0:00:17]} cxd5 {[%emt 0:00:00]} 4. d4 {[%emt 0:00:19]} Nf6 {[%emt 0:00:00]} 5. Nc3 {[%emt 0:00:16]} g6 {[%emt 0:00:41]} 6. Nf3 {[%emt 0:01:00]} Bg7 {[%emt 0:01:10]} 7. h3 {[%emt 0:00:16]} O-O {[%emt 0:00:48]} 8. Be3 {[%emt 0:00:44]} b6 {[%emt 0:02:04]} 9. Rc1 {[%emt 0:03:42]} Bb7 {[%emt 0:03:56]} 10. b3 {[%emt 0:02:09]} dxc4 {[%emt 0:00:51]} 11. bxc4 {[%emt 0:00:10]} Nc6 {[%emt 0:04:30]} 12. Be2 {[%emt 0:02:19]} Rc8 {[%emt 0:00:24]} 13. O-O {[%emt 0:01:12]} Na5 {[%emt 0:01:10]} 14. Nd2 {[%emt 0:04:00]} Ba6 {[%emt 0:01:20]} 15. Nb5 {[%emt 0:00:53]} Bxb5 {[%emt 0:02:47]} 16. cxb5 {[%emt 0:00:12]} Qd7 {[%emt 0:01:46]} 17. Nb3 {[%emt 0:07:12]} Rxc1 {[%emt 0:00:32]} 18. Qxc1 {[%emt 0:01:11]} Rc8 {[%emt 0:00:35]} 19. Qb1 {[%emt 0:01:39]} Nc4 {[%emt 0:00:52]} 20. Bxc4 {[%emt 0:00:48]} Rxc4 {[%emt 0:00:04]} 21. Nd2 {[%emt 0:00:15]} Rc8 {[%emt 0:00:38]} 22. Nf3 {[%emt 0:01:08]} Nd5 {[%emt 0:00:19]} 23. Rc1 {[%emt 0:09:12]} Rc7 {[%emt 0:04:19]} 24. Bd2 {[%emt 0:03:10]} Qc8 {[%emt 0:06:15]} 25. Rxc7 {[%emt 0:01:32]} Qxc7 {[%emt 0:00:16]} 26. Qb3 {[%emt 0:01:10]} e6 {[%emt 0:00:42]} 27. a4 {[%emt 0:00:22]} h6 {[%emt 0:07:00]} 28. Qd3 {[%emt 0:03:00]} Kh7 {[%emt 0:03:58]} 29. h4 {[%emt 0:00:22]} Kg8 {[%emt 0:03:26]} 30. g3 {[%emt 0:00:38]} 1/2-1/2

[Event "1st Cyprus Chess Tournament 2019"]
[Site "Larnaca"]
[Date "2019.11.02"]
[Round "9.9"]
[White "Florentiades, Michalis"]
[Black "Ivanov, Mikhail M"]
[Result "0-1"]
[WhiteElo "2019"]
[BlackElo "2342"]
[Annotator "NA"]
[PlyCount "80"]
[EventDate "2019.10.25"]
[EventType "swiss"]
[EventCountry "CYP"]
[SourceTitle "playchess.com"]
[Source "ChessBase"]
[SourceQuality "1"]
[TimeControl "5400+30"]

1. d4 {[%emt 0:00:00]} d5 {[%emt 0:02:28]} 2. Bf4 {[%emt 0:00:00]} c5 {[%emt 0:00:07]} 3. e3 {[%emt 0:00:11]} Nc6 {[%emt 0:00:04]} 4. Nf3 {[%emt 0:00:09]} Nf6 {[%emt 0:02:28]} 5. Nbd2 {[%emt 0:00:10]} Qb6 {[%emt 0:02:24]} 6. dxc5 {[%emt 0:00:35]} Qxb2 {[%emt 0:01:29]} 7. Rb1 {[%emt 0:00:22]} Qc3 {[%emt 0:03:51]} 8. Bb5 {[%emt 0:00:46]} e6 {[%emt 0:05:58]} 9. O-O {[%emt 0:00:18]} Qxc5 {[%emt 0:05:55]} 10. c4 {[%emt 0:11:16]} a6 {[%emt 0:04:54]} 11. Nb3 {[%emt 0:17:32]} Qa3 {[%emt 0:02:31]} 12. Bxc6+ {[%emt 0:03:28]} bxc6 {[%emt 0:00:04]} 13. Ne5 {[%emt 0:03:29]} Bd6 {[%emt 0:03:21]} 14. Nxc6 {[%emt 0:11:20]} Bxf4 {[%emt 0:00:10]} 15. exf4 {[%emt 0:00:06]} O-O {[%emt 0:00:07]} 16. c5 {[%emt 0:09:33]} Bd7 {[%emt 0:08:35]} 17. Ncd4 {[%emt 0:01:22]} Rfc8 {[%emt 0:02:07]} 18. Qc1 {[%emt 0:04:40]} Qa4 {[%emt 0:01:58]} 19. Rb2 {[%emt 0:01:10]} Bb5 {[%emt 0:01:28]} 20. Nxb5 {[%emt 0:00:32]} axb5 {[%emt 0:00:17]} 21. Qe3 {[%emt 0:03:18]} Ne4 {[%emt 0:04:39]} 22. f3 {[%emt 0:02:00]} Qa3 {[%emt 0:00:47]} 23. Rc2 {[%emt 0:05:07]} Nd6 {[%emt 0:00:27]} 24. Qc3 {[%emt 0:02:36]} Nc4 {[%emt 0:02:57]} 25. Re1 {[%emt 0:02:25]} Qa7 {[%emt 0:05:32]} 26. Kh1 {[%emt 0:01:37]} Qc7 {[%emt 0:00:30]} 27. g3 {[%emt 0:03:34]} Ra4 {[%emt 0:00:36]} 28. Ree2 {[%emt 0:05:56]} Rca8 {[%emt 0:01:37]} 29. Qd3 {[%emt 0:00:59]} g6 {[%emt 0:01:09]} 30. Kg2 {[%emt 0:01:31]} Na3 {[%emt 0:00:37]} 31. Rb2 {[%emt 0:00:34]} Rc4 {[%emt 0:00:25]} 32. h4 {[%emt 0:01:05]} b4 {[%emt 0:06:20]} 33. h5 {[%emt 0:00:56]} Nb5 {[%emt 0:02:54]} 34. hxg6 {[%emt 0:00:20]} hxg6 {[%emt 0:00:05]} 35. Rec2 {[%emt 0:02:42]} Nc3 {[%emt 0:06:01]} 36. Nd2 {[%emt 0:03:08]} Qxc5 {[%emt 0:02:41]} 37. Nxc4 {[%emt 0:00:08]} dxc4 {[%emt 0:00:05]} 38. Qd2 {[%emt 0:00:05]} Nd5 {[%emt 0:00:20]} 39. Rc1 {[%emt 0:02:03]} c3 {[%emt 0:00:45]} 40. Qd3 {[%emt 0:01:08]} Qe3 {[%emt 0:00:53]} 0-1